Hacia una estrategia de desarrollo económico y social de Cuba hasta el año 2000
Guardat en:
| Autor principal: | |
|---|---|
| Format: | Text |
| Publicat: |
La HAbana:
Palacio de las Convenciones
|
| Matèries: | |
| Etiquetes: |
Afegir etiqueta
Sense etiquetes, Sigues el primer a etiquetar aquest registre!
|
MARC
| LEADER | 00000 a a2200000 04500 | ||
|---|---|---|---|
| 001 | 14057 | ||
| 003 | |||
| 040 | |||
| 090 | |a 0001 S456s | ||
| 100 | |a Martínez Soler, Francisco | ||
| 245 | |a Hacia una estrategia de desarrollo económico y social de Cuba hasta el año 2000 | ||
| 260 | |a La HAbana: |b Palacio de las Convenciones | ||
| 300 | |a 41 p | ||
| 650 | |a PROGRAMAS DE DESARROLLO | ||
| 650 | |a CAPITALISMO | ||
| 650 | |a SOCIALISMO | ||
| 650 | |a INDUSTRIALIZACION | ||
| 650 | |a CAÑA DE AZUCAR | ||
| 650 | |a EDUCACION | ||
| 650 | |a INTEGRACION VERTICAL | ||
| 650 | |a INTEGRACION HORIZONTAL | ||
| 650 | |a VOLUMEN DE EXPORTACIONES | ||
| 650 | |a DESARROLLO CIENTIFICO | ||
| 650 | |a CUBA | ||
| 999 | |c 11512 |d 11512 | ||
